Normal view
MARC view
Entry Personal Name
001 - CONTROL NUMBER
- control field: 44056
003 - CONTROL NUMBER IDENTIFIER
- control field: ARRUPE
005 - DATE AND TIME OF LATEST TRANSACTION
- control field: 20190121134617.0
008 - FIXED-LENGTH DATA ELEMENTS
- fixed length control field: 190121|| aca||aabn | a|a d
040 ## - CATALOGING SOURCE
- Original cataloging agency: ARRUPE
- Transcribing agency: ARRUPE
100 ## - HEADING--PERSONAL NAME
- Personal name: Bradford, John,
- Dates associated with a name: 1918-1975.
670 ## - SOURCE DATA FOUND
- Source citation: Work cat.: (ARRUPE)0: Bowle, John, ed. 2424, The concise encyclopedia of world history., [1958]